000 nam a22 a 4500
999 _c1862
_d1862
005 20170512104450.0
008 170512b2003 xxu||||| |||| 00| 0 eng d
020 _a0471444383
040 _aAKMAL
082 _a343.730668 HOP
090 _a343.730668
_bHOP
100 1 _aHopkins, Bruce R
_93860
245 1 0 _aPrivate foundations :
_btax law and compliance /
_cBruce R. Hopkins, Jody Blazek. 2005 cumulative supplement.
246 3 _a2005 cumulative supplement
250 _a2nd ed
260 _aHoboken, N.J. ; |a [Chichester] :
_bJohn Wiley & Sons,
_c2005.
300 _axvi, 175 p. ;
_c 26cm
500 _aFormerly CIP
504 _aIncludes bibliographical references and index.
599 _aDALAM PROSES
650 0 _a Nonprofit organizations
_xTaxation, Law and legislation,
_zUnited States
_93861
650 0 _aCharitable uses, trusts, and foundations
_vTaxation
_zUnited States
_93862
700 1 _aBlazek, Jody.
_93863
852 4 1 _aBritish Library
_bHMNTS
942 _2ddc
_cBOOK